Logo BPK

Biblioteka

Politechniki Koszalińskiej

Ekonomika przedsiębiorstwa komunalnego / (Rekord nr 14576)

Szczegóły MARC
000 -ETYKIETA REKORDU
podpole kontrolne o stałej długości 01454nam a2200433 i 4500
001 - NUMER KONTROLNY REKORDU
pole kontrolne 14576
003 - IDENTYFIKATOR NUMERU KONTROLNEGO REKORDU
podpole kontrolne KOSZ 005
005 - DATA OSTATNIEJ MODYFIKACJI REKORDU
podpole kontrolne 20191114102326.0
008 - POLE O STAŁEJ DŁUGOŚCI - DANE KONTROLNE
podpole kontrolne o stałej długości 071017s1971 pl a f 000 0 pol
015 ## - NUMER BIBLIOGRAFII NARODOWEJ
Numer bibliografii narodowej PB 1971/10672
035 ## - NUMER SYSTEMOWY
Numer systemowy przejętego rekordu 991037440579705066
035 ## - NUMER SYSTEMOWY
Numer systemowy przejętego rekordu (PL-WaBN)b20040647-48omnis_nlop
035 ## - NUMER SYSTEMOWY
Numer systemowy przejętego rekordu b20040647
035 ## - NUMER SYSTEMOWY
Numer systemowy przejętego rekordu (OCoLC)751073754
035 ## - NUMER SYSTEMOWY
Numer systemowy przejętego rekordu (PL)b0000002004064
035 ## - NUMER SYSTEMOWY
Numer systemowy przejętego rekordu (EXLNZ-48OMNIS_NETWORK)9910356632305606
040 ## - ŹRÓDŁO KATALOGOWANIA
Instytucja, która sporządziła opis WA N
Instytucja, która utworzyła rekord WA N
Instytucja, która dokonała modyfikacji KOSZ 005/KK
046 ## - DATY KODOWANE
Pojedyncza data lub początek okresu powstania dzieła lub zbioru dzieł 1971
080 ## - UNIWERSALNA KLASYFIKACJA DZIESIĘTNA - UKD
UKD 352
080 ## - UNIWERSALNA KLASYFIKACJA DZIESIĘTNA - UKD
UKD 338.98
080 ## - UNIWERSALNA KLASYFIKACJA DZIESIĘTNA - UKD
UKD 658
100 1# - NAZWA OSOBOWA
Nazwa osobowa Dziembowski, Zygmunt
Daty związane z nazwą (1921- ).
Określenie rodzaju współpracy Autor
245 10 - TYTUŁ/ODPOWIEDZIALNOŚĆ
Tytuł Ekonomika przedsiębiorstwa komunalnego /
Pozostałe elementy strefy tytułu i oznaczenia odpowiedzialności Zygmunt Dziembowski.
260 ## - STREFA ADRESU WYDAWNICZEGO
Miejsce wydania Warszawa :
Nazwa wydawcy/dystrybutora Państwowe Wydawnictwo Ekonomiczne,
Data publikacji, dystrybucji/powstania dokumentu 1971.
300 ## - STREFA OPISU FIZYCZNEGO
Objętość 426, [2] strony :
Inne cechy fizyczne ilustracje ;
Rozmiary 23 cm.
336 ## - TYP ZAWARTOŚCI
Źródło (terminu i kodu) rdacontent
Termin opisujący typ zawartości Tekst
Kod określający zawartość txt
337 ## - TYP MEDIÓW
Źródło (terminu i kodu) rdamedia
Tryb odtwarzania Bez urządzenia pośredniczącego
Kod typu mediów n
338 ## - TYP/RODZAJ NOŚNIKA
Źródło (terminu i kodu) rdacarrier
Hasło opisujące typ nośnika Wolumin
Kod typu nośnika nc
380 ## - FORMA I TYP PUBLIKACJI
Forma i typ publikacji Książki
388 ## - CZAS POWSTANIA
Czas powstania 1901-2000
504 ## - UWAGA DOTYCZĄCA BIBLIOGRAFII
Informacje o bibliografii Bibliografia na stronach 424-[427].
655 #7 - TERMIN INDEKSOWY - OKREŚLENIE RODZAJU/FORMY DOKUMENTU
Określenie rodzaju/formy dokumentu Podręczniki akademickie
Źródło terminu DBN
658 ## - TERMIN INDEKSOWY - PRZEDMIOT PROGRAMU NAUCZANIA
Główny przedmiot programu nauczania Gospodarka, ekonomia, finanse
650 #7 - HASŁO PRZEDMIOTOWE W FORMIE NAZWY OGÓLNEJ LUB JEDNOSTKOWEJ
Nazwa ogólna lub geograficzna Przedsiębiorstwo komunalne
Źródło hasła lub terminu DBN
710 2# - HASŁO DODATKOWE - NAZWA CIAŁA ZBIOROWEGO
Nazwa ciała zbiorowego lub jednostki geograficznej Państwowe Wydawnictwo Ekonomiczne
856 ## - LOKALIZACJA I DOSTĘP DO ELEKTRONICZNYCH DOKUMENTÓW ZDALNYCH
Link (URL) http://koha.tu.koszalin.pl/cgi-bin/koha/opac-detail.pl?biblionumber=14576
Tekst linku Katalog online BPK
942 ## - DODATKOWE ELEMENTY (KOHA)
Schemat klasyfikacji Uniwersalna Klasyfikacja Dziesiętna
Typ dokumentu Książka
Egzemplarze
Wycofany Status egzemplarza Uszkodzony Dostępność Lokalizacja stała Lokalizacja bieżąca Miejsce przechowywania Sygnatura Kod kreskowy Typ dokumentu Ostatnio wypożyczono
      Dostępny Biblioteka Politechniki Koszalińskiej Biblioteka Politechniki Koszalińskiej Wypożyczalnia BG 14267 01721980 Książka  
      Dostępny Biblioteka Politechniki Koszalińskiej Biblioteka Politechniki Koszalińskiej Wypożyczalnia BG 14268 01721997 Książka 30.05.2022
© 2023 Biblioteka Politechniki Koszalińskiej :: KOHA